| 000 | 00468nam a22001697a 4500 | ||
|---|---|---|---|
| 003 | 0 | ||
| 005 | 20220817081647.0 | ||
| 008 | 220817b xxu||||| |||| 00| 0 eng d | ||
| 020 | _a978-1-98465-927-9 | ||
| 050 |
_aBF637 _b.T57 2022 |
||
| 245 |
_aGuidance and counselling _c3G E-learning |
||
| 250 | _a3rd ed. | ||
| 260 |
_aNew York _b3G E-Learning _c2022 |
||
| 300 |
_axii,433p _c26cm. _eIncludes references and index. _fBook |
||
| 500 | _aCounseling. | ||
| 942 |
_2lcc _cBK |
||
| 999 |
_c364789 _d364789 |
||